| 000 | 00575nam a22001697a 4500 | ||
|---|---|---|---|
| 010 | _aENG-120546 | ||
| 020 |
_c75.00 _a9788170589921 |
||
| 035 | _aEN-104078 | ||
| 037 | _bDBAD/PUB | ||
| 082 | _a181.499 | ||
| 245 |
_aliving within : _ccompiled by A.S. Dalal _bthe ypga approach to psychological health and growth / |
||
| 260 |
_aPondicherry _bSri Aurobindo Ashram _c2011 |
||
| 270 |
_bPondicherry _aSri Aurobindo Ashram Publication Department _e605002 |
||
| 300 |
_axIii,197p. _b18cm(Hb). |
||
| 500 | _aIncludes index | ||
| 942 |
_2ddc _cEN _h181.499 _mLIV |
||
| 999 |
_c144351 _d144351 |
||